000 00241nam a2200097Ia 4500
005 20250424112926.0
008 250424s9999 xx 000 0 und d
300 _a78 p. : ill. (some col.) ; 27 cm.
650 _aIslam--Periodicals
942 _cSR
999 _c37917
_d37917